CaGeWeB
  • bibliotheken
  • achtergrond
  • partners
  • historiek
naar

MARC Record

Leader
003 BE-GnUNI
007 't'u
035
  
  
a| (MSK)310033081
084
  
  
a| I.COCQ S.1
245
0
0
a| Hommage à Suzanne Cocq, 1894 - 1979 (exposition Bruxelles, Galerie Alfican, 18.09 - 05.10.1980).
260
  
  
a| Bruxelles : b| Galerie Alfican, c| 1980.
300
  
  
a| Ongen.p. : b| ill.
546
  
  
a| Frans
585
  
  
a| Hommage à Suzanne Cocq, 1894 - 1979
500
  
  
a| Tentoonstellingscatalogus
600
1
7
a| Cocq, Suzanne. 2| z
852
4
  
b| MSK c| MSK j| I.COCQ S.1
920
  
  
a| boek
001 000032625
005 20241224121647.0
  • CaGeWeB vzw

    p/a Bagattenstraat 174, 9000 Gent

    voorzitter: Hendrik Defoort
    bestuurders: Frea Vancraeynest, Brigitte De Meyer, Ellen Ryckx, Kim Robensyn